• 首页
  • 本馆介绍
  • 公告通知
  • 最新文献
  • 馆藏检索
  • 电子资源
  • 读者导购
  • 参考咨询
  • 我的图书馆
  • 登录
  • 详细信息显示
  • 放入我的书架
  • 预约/预借图书
  • 作者相关作品
  • 分类相关作品
  • 丛书相关作品
  • 出版社相关作品

书目信息

  • 表格格式
  • 工作单格式
  • 卡片格式
题名:
北京美食地图
    
 
作者: 于莉 主编 ;美食地图·一探到底栏目组 编
分册:  
出版信息: 北京   中国商业出版社  2017
页数: 218页
开本: 29cm
丛书名:
单 册:
中图分类: F726.93
科图分类:
主题词: 餐馆--介绍--北京
电子资源:
ISBN: 978-7-5208-0080-8
000 01154nam0 2200253 450
001 012001003421
005 20140926114740.0
010    @a978-7-5208-0080-8@dCNY120.00
100    @a20180217d2017 em y0chiy50 ea
101 0  @achi
102    @aCN@b110000
105    @aa z 000yy
106    @ar
200 1  @a北京美食地图@9bei jing mei shi di tu@dBeijing food CPS@f于莉主编@g《美食地图·一探到底》栏目组编@zeng
210    @a北京@c中国商业出版社@d2017
215    @a218页@c图@d29cm
330    @a本书由BTV生活频道《美食地图·一探到底》栏目组组织编写,美食为主线,刊录了京城100家特色餐饮店的约300余道特色美食,图文并茂。每个餐饮店用详实的文字介绍了企业的经营理念、经营历史、产品定位、装修风格、所处地理位置等等;又以精美的图片及详实的文字,展示了每个餐饮店的2-4道特色菜品,并针对每道菜品的出品特点、口味及独到之处进行说明。每种特色美食呈现真实可信、公正、客观的美食。
510 1  @aBeijing food CPS@zeng
606 0  @a餐馆@x介绍@y北京
690    @aF726.93@v5
701  0 @a于莉@9yu li@4主编
712 02 @a美食地图·一探到底栏目组@9mei shi di tu · yi tan dao di lan mu zu@4编
801  0 @aCN@b上海新华@c20180901
905    @b1162830-3@dF726.93@e109@f4
    
    北京美食地图=Beijing food CPS/于莉主编/《美食地图·一探到底》栏目组编.-北京:中国商业出版社,2017
    218页:图;29cm
    
    
    ISBN 978-7-5208-0080-8:CNY120.00
    本书由BTV生活频道《美食地图·一探到底》栏目组组织编写,美食为主线,刊录了京城100家特色餐饮店的约300余道特色美食,图文并茂。每个餐饮店用详实的文字介绍了企业的经营理念、经营历史、产品定位、装修风格、所处地理位置等等;又以精美的图片及详实的文字,展示了每个餐饮店的2-4道特色菜品,并针对每道菜品的出品特点、口味及独到之处进行说明。每种特色美食呈现真实可信、公正、客观的美食。
●
相关链接 在E读中查询图书 在五车中查询图书 在当当中查询图书 在豆瓣中查询图书


正题名:北京美食地图     索取号:F726.93/109         预约/预借

序号 登录号 条形码 馆藏地/架位号 状态 备注
1 1162830   211628309   第一样本阅览室/ [索取号:F726.93/109] 在馆    
2 1162831   211628318   第一借阅区/ [索取号:F726.93/109] 在馆    
3 1162832   211628327   第一借阅区/ [索取号:F726.93/109] 在馆    
4 1162833   211628336   密集书库-海洋学院/ [索取号:F726.93/109] 在馆    
唐山师范学院图书馆 欢迎您!
大连网信软件有限公司© 版权所有